الترجيح بأسباب النزول في الأحكام المتعلقة بالنساء / (رقم التسجيلة. 180502)

تفاصيل مارك
000 -LEADER
fixed length control field 04014namaa22004211i 4500
003 - CONTROL NUMBER IDENTIFIER
control field OSt
005 - أخر تعامل مع التسجيلة
control field 20260611114104.0
008 - FIXED-LENGTH DATA ELEMENTS--GENERAL INFORMATION
fixed length control field 250827s2025 ua a|||frm||| 000 0 eng d
040 ## - CATALOGING SOURCE
Original cataloguing agency EG-GICUC
Language of cataloging ara
Transcribing agency EG-GICUC
Modifying agency EG-GICUC
Description conventions rda
041 0# - LANGUAGE CODE
Language code of text/sound track or separate title ara
Language code of summary or abstract ara
-- eng
049 ## - Acquisition Source
Acquisition Source إيداع
082 04 - DEWEY DECIMAL CLASSIFICATION NUMBER
Classification number 250
092 ## - LOCALLY ASSIGNED DEWEY CALL NUMBER (OCLC)
Classification number 250
Edition number 21
097 ## - Degree
Degree دكتـــــوراه‎
099 ## - LOCAL FREE-TEXT CALL NUMBER (OCLC)
Local Call Number Cai01.06.04.Ph.D.2025.عر.ت
100 0# - MAIN ENTRY--PERSONAL NAME
Authority record control number or standard number ،عراقي فتح الله حسن مسلم
Preparation إعداد.
245 10 - TITLE STATEMENT
Title الترجيح بأسباب النزول في الأحكام المتعلقة بالنساء /
Statement of responsibility, etc. إعداد عراقي فتح الله حسن مسلم؛ إشراف أ.د.محمد قاسم محمود المنسي، أ.د.عبد الناصر ثابت حامد.
246 15 - VARYING FORM OF TITLE
Title proper/short title Weighing the reasons for revelation rulings related to women /
264 #0 - PRODUCTION, PUBLICATION, DISTRIBUTION, MANUFACTURE, AND COPYRIGHT NOTICE
Date of production, publication, distribution, manufacture, or copyright notice 2025.
300 ## - PHYSICAL DESCRIPTION
Extent 327 ورقة :
Other physical details إيضاحيات ؛
Dimensions 30 سم. +
Accompanying material CD.
336 ## - CONTENT TYPE
Content type term text
Source rda content
337 ## - MEDIA TYPE
Media type term Unmediated
Source rdamedia
338 ## - CARRIER TYPE
Carrier type term volume
Source rdacarrier
502 ## - DISSERTATION NOTE
Dissertation note أطروحة (دكتوراه)-جامعة القاهرة، 2025.
504 ## - BIBLIOGRAPHY, ETC. NOTE
Bibliography, etc. note ببليوجرافيا: صفحات 307-324.
520 ## - SUMMARY, ETC.
Summary, etc. الترجيحُ بأسبابِ النزولِ في الأحكامِ المتعلقةِ بالنساءِ)" وجاء في مقدمة، وتمهيد، وفصلين، وخاتمة، وفهارس: فالتمهيد: جاء في التعريف بمصطلحات البحث، وفوائد أسباب النزول، وطرق المعرفة وضوابط الترجيح بأسباب النزول، وأثرها في الخطاب الشرعي للمرأة: وفيه مباحث: وأما الفصل الأول: الترجيح بأسباب النزول في أحكام العبادات والانكحة المتعلقة بالمرأة: وفيه مباحث: والفصل الثاني: أحكام الطلاق، والحيض، والعدة، والنفقة ، والميراث، واللعان، والظهار، والحدود، والجنايات، والملابس: وفيه مباحث: ثم الخاتــمــة: وفيها ذكرت أهمَّ النتائج والتوصيات التي توصل إليها البحث، ثم ختمت بالفهارس المناسبة.
520 ## - SUMMARY, ETC.
Summary, etc. It is divided into an introduction, a preface, two chapters, a conclusion, and indexes: The preface: It defines the research terms, the benefits of the reasons for revelation, the methods of knowledge and the controls of preference based on the reasons for revelation, and their impact on the legal discourse of women. It contains discussions. As for the first chapter: Preference based on the reasons for revelation in the rulings of worship and marriages related to women. It contains discussions. The second chapter: The rulings on divorce, menstruation, waiting period, maintenance, inheritance, cursing, zihar, the prescribed punishments, crimes, and clothing. It contains discussions. Then the conclusion: In it, I mentioned the most important results and recommendations that the research reached, and then concluded with the appropriate indexes.
530 ## - ADDITIONAL PHYSICAL FORM AVAILABLE NOTE
Issues CD صدر أيضًا كقرص مدمج.
546 ## - LANGUAGE NOTE
Text Language النص بالعربية والملخص باللغة الإنجليزية والعربية.
650 #7 - SUBJECT ADDED ENTRY--TOPICAL TERM
Topical term or geographic name entry element الشريعة الإسلامية
Source of heading or term qrmak
653 #0 - INDEX TERM--UNCONTROLLED
Uncontrolled term الترجيحُ
-- الأحكامِ المتعلقةِ بالنساءِ
700 0# - ADDED ENTRY--PERSONAL NAME
Personal name محمد قاسم محمود المنسي
Relator term مشرف أطروحة.
700 0# - ADDED ENTRY--PERSONAL NAME
Personal name عبد الناصر ثابت حامد
Relator term مشرف أطروحة.
900 ## - Thesis Information
Grant date 10-05-2025
Supervisory body محمد قاسم محمود المنسي
-- عبد الناصر ثابت حامد
Discussion body مُحمد صلاح حلمي
-- علي عبدُ القادر عثمان
Universities جامعة القاهرة
Faculties كلية دار العلوم
Department قسم الشريعة الإسلامية
905 ## - Cataloger and Reviser Names
Cataloger Name Sara Salah
942 ## - ADDED ENTRY ELEMENTS (KOHA)
Source of classification or shelving scheme Dewey Decimal Classification
Koha item type Thesis
Edition 21
Suppress in OPAC No
المقتنيات
Source of classification or shelving scheme Home library Current library Date acquired Inventory number Full call number Barcode Date last seen Effective from Koha item type
Dewey Decimal Classification المكتبة المركزبة الجديدة - جامعة القاهرة قاعة الرسائل الجامعية - الدور الاول 11.06.2026 33251 Cai01.06.04.Ph.D.2025.عر.ت 01010100033251000 11.06.2026 11.06.2026 Thesis
Cairo University Libraries Portal Implemented & Customized by: Eng. M. Mohamady Contacts: new-lib@cl.cu.edu.eg | cnul@cl.cu.edu.eg
CUCL logo CNUL logo
© All rights reserved — Cairo University Libraries
CUCL logo
Implemented & Customized by: Eng. M. Mohamady Contact: new-lib@cl.cu.edu.eg © All rights reserved — New Central Library
CNUL logo
Implemented & Customized by: Eng. M. Mohamady Contact: cnul@cl.cu.edu.eg © All rights reserved — Cairo National University Library